| 000 | 00754cab a2200229 4500 | ||
|---|---|---|---|
| 001 | WB2642-06 | ||
| 008 | 090401t1990 xxu||||| |||| 00| 0 eng d | ||
| 035 | _a(Sirsi) u2791 | ||
| 041 | _aeng | ||
| 245 | _aWarning of construction of industry collapse | ||
| 260 | _c1990 | ||
| 350 | _a0 | ||
| 490 |
_aHouse of Commons Hansard _v24 October 1990 (2) |
||
| 520 | _aAccording to Brian Gould MP, the downturn in the housing market and its impact on the construction industry could mean the beginning of a housing crisis which could last for many years. | ||
| 650 | _aCOUNCIL HOUSING | ||
| 650 | _aHIGH INTEREST RATES | ||
| 650 | _aHOUSING ASSOCIATIONS | ||
| 650 | _aRECESSION | ||
| 690 | _aECONOMIC AND SOCIAL | ||
| 942 | _n0 | ||
| 948 | _c04/03/1997 | ||
| 999 |
_c1678 _d1678 |
||